000 00761nam0a22002411 4500
001 rc\713913
005 20260406122142.0
010 _a5-88373-228-3
_921000
035 _a(NLR Aleph) 005957491
090 _a6819183
_c6819183
100 _a20031121d1997 |||y0rusy50 ca
101 0 _arus
102 _aRU
105 _ay |||||||||
200 1 _aДело молчаливого партнера
_fЭрл Стенли Гарднер
_g[Пер. Э. Кардонской]
210 _aМ.
_cКанон
_d1997
215 _a366, [1] с.
_d17
700 1 _7ca
_8rus
_aГарднер
_bЭ. С.
_f1889-1970
_gЭрл Стенли
_9110731
_3RU\NLR\auth\77690
801 0 _aRU
_bNLR
_gpsbo
801 1 _aRU
_bELAR
_2rusmarc
852 _aNLR
_j97-2/1795
942 _cBOOK
980 _aNB